000 00487nam a22001817a 4500
005 20150713112456.0
010 _aENG-113242
020 _c250.00
_a9789385288043
035 _aEN-96774
037 _bDBAD/PUB
082 _aN
100 _aOmair Ahmad
245 _aJimmy the terrorist /
_cby Omair Ahmad
260 _aNew Delhi
_bSpeaking Tiger
_c2015
270 _a4381/4, Ansari Road, Daryagang,
_bNew Delhi
_e110002
300 _a200p.
_c21cm(pbk)
942 _2ddc
_cEN
_mOMA
_hN
999 _c94165
_d94165